00749nam a22001097a 4500040000800000082002700008100001800035245044800053260002600501300002500527856008700552 cRUA aAVM PON 2009 B086 Or.1 aPON, CHANNAK. aEffect of using winged bean as concentrate feed for growing quail at animal experimentation station of royal university of agriculture, ឥទ្ធិពលនៃការប្រើប្រាស់ស្លឹកពពាយជាចំនីផ្សំលើក្រយចសាច់ នៅស្ថានីយ៏ចិញ្ចឹមសត្វនៃសាកលវិទ្យាល័យភូមិន្ទកសិកម្ម aPhnom PenhbRUAc2009 ax; 39p.bill.c29cm. uhttps://drive.google.com/file/d/1hk_uP1ZI16pcz2pnduzpbPv-P6b6U2XB/view?usp=sharing